banner-ar

MARCEL DUCHAMP / (Record no. 12155)

MARC details
000 -الفاتح
حقل البيانات ثابتة الطول 00475nam a2200181Ia 4500
008 - عناصر البيانات ثابتة الطول - معلومات عامة
حقل البيانات ثابتة الطول 140319s9999 xx 000 0 eng d
040 ## - مصدر الفهرسة
وكالة الفهرسة الأصلية GCL /
وكالة النسخ GCL
082 04 - رقم تصنيف ديوى العشرى
رقم التصنيف 759
رقم المادة M M
100 1# - المدخل الرئيسى - إسم شخصى
الإسم الشخصى MOURE, GLORIA
245 10 - بيان العنوان
العنوان MARCEL DUCHAMP /
بيان المسئوليه,etc MOURE, GLORIA
260 ## - PUBLICATION, DISTRIBUTION, ETC. (IMPRINT)
تاريخ النشر أو التوزيع 1993
300 ## - الوصف المادى
التعداد 128 P P
650 04 - المدخل الاضافى بالموضوع-مصطلح موضوعى
مصطلح موضوعي SPAIN - PAINTERS
650 04 - المدخل الاضافى بالموضوع-مصطلح موضوعى
مصطلح موضوعي PAINTERS AND PAINTINGS
650 04 - المدخل الاضافى بالموضوع-مصطلح موضوعى
مصطلح موضوعي DUCHAMP, MARCEL (1887 - 1968)
942 ## - عناصر المدخل الإضافي( كوها)
مصدر التصنيف او مخطط الترفيف Dewey Decimal Classification
Koha [default] item type كتاب
260 ## - PUBLICATION, DISTRIBUTION, ETC. (IMPRINT)
-- [S.N] :
-- ACADEMY EDITIONS ،
Holdings
حالة التراجع حالة الفقد حالة تلف ليس للاعارة المكان المؤقت الموقع الحالى تاريخ الاكتساب اجمالي اﻻعارات رقم الطلب الباركود تاريخ اخر مشاهدة تاريخ تفعيل السعر نوع وعاء كوها
        مكتبة القاهرة الكبرى مكتبة القاهرة الكبرى 03/26/2014   759\M M 23748 03/26/2014 03/26/2014 كتاب
        مكتبة القاهرة الكبرى مكتبة القاهرة الكبرى 03/26/2014   759\M M 23749 03/26/2014 03/26/2014 كتاب

Powered By

EGPV